000 00299nam a2200121Ia 4500
008 220901s9999||||xx |||||||||||||| ||und||
082 _a514 BAL
100 _aBalaram, P.
245 0 _aCurrent science
250 _aVol.78 Issue 1 & 3
260 _bIndian Academy Science
_c2000
650 _aPhysics
999 _c193944
_d193944